| 000 | 00696nam a22002177a 4500 | ||
|---|---|---|---|
| 003 | BD-DhJNU | ||
| 005 | 20260126060613.0 | ||
| 008 | 260126b |||||||| |||| 00| 0 eng d | ||
| 020 | _a9789356991316 | ||
| 020 | _a9789353579463 | ||
| 040 |
_aBD-DhJNU _bENG _cBD-DhJNU _dBD-DhJNU |
||
| 082 |
_223 _a614.409 |
||
| 100 | _aTumbe, Chinmay | ||
| 245 |
_aThe age Of pandemics (1817-1920): _bhow they shaped India and the world / _cChinmay Tumbe |
||
| 260 |
_aNoida : _bHarperCollins Publishers, _c2023. |
||
| 300 |
_axi, 271 p. : _bill. ; _c21 cm. |
||
| 504 | _aincludes bibliographical reference and index | ||
| 650 | _aEpidemics - History | ||
| 650 | _aCommunicable diseases | ||
| 942 |
_2ddc _cBK _n0 |
||
| 999 |
_c2566 _d2566 |
||